Winter journey (Record no. 61805)

MARC details
000 -LEADER
fixed length control field 00641nam a2200193 a 4500
008 - FIXED-LENGTH DATA ELEMENTS--GENERAL INFORMATION
fixed length control field 060316s1980 ||||||||||||||||| || u
020 ## - INTERNATIONAL STANDARD BOOK NUMBER
International Standard Book Number 0525235159
050 ## - LIBRARY OF CONGRESS CALL NUMBER
Classification number PS 3552.R6W5
100 ## - MAIN ENTRY--PERSONAL NAME
Personal name Broughton, T. Alan (Thomas Alan), 1936-
245 10 - TITLE STATEMENT
Title Winter journey
260 ## - PUBLICATION, DISTRIBUTION, ETC.
Place of publication, distribution, etc. New York :
Name of publisher, distributor, etc. Henry Robbins
Date of publication, distribution, etc. 1980
260 ## - PUBLICATION, DISTRIBUTION, ETC.
Place of publication, distribution, etc. New York :
Name of publisher, distributor, etc. Penguin Group
Date of publication, distribution, etc. 1980
300 ## - PHYSICAL DESCRIPTION
Extent 344 p.
350 ## - PRICE (NR) (BK AM CF MU VM SE) [OBSOLETE]
Price 0.00
650 ## - SUBJECT ADDED ENTRY--TOPICAL TERM
Topical term or geographic name entry element TEXTBOOKS
650 #0 - SUBJECT ADDED ENTRY--TOPICAL TERM
Topical term or geographic name entry element MOTHERS AND SONS - FICTION
650 ## - SUBJECT ADDED ENTRY--TOPICAL TERM
Topical term or geographic name entry element ROME (ITALY) - FICTION
995 ## - RECOMMENDATION 995 [LOCAL, UNIMARC FRANCE]
-- 0.00
-- CBU-MAIN LIBRARY (Kitwe)
-- 1
-- 10.95
-- 1
-- AVAILABLE
-- Fiction Collection
Holdings
Withdrawn status Lost status Source of classification or shelving scheme Damaged status Not for loan Home library Current library Shelving location Date acquired Total Checkouts Full call number Barcode Date last seen Price effective from Koha item type
          CBU-MAIN LIBRARY, KITWE. CBU-MAIN LIBRARY, KITWE.   11/30/2022   PS 3552.R6W5 011184 11/30/2022 11/30/2022 MONOGRAPH